000 011500000a22001210004500
001 14410
041 0 _aSPA
082 0 4 _aAV 0364
245 1 0 _aAvances en psicología clínica latinoamericana / Fundación para el avance de la Psicología
300 _a148 Pág.
505 0 0 _a-\La vida personal del psicoterapeuta. Mahoney, Michael J. - La eficacia de la intervención psicológica: una reflexión crítica. García, Eugeni - La hipnosis como estrategia terapéutica. Martínez Taboa, Alfonso - Factores de riesgo para el cáncer de seno en población del Instituto de Seguros Sociales de Colombia. López Osejo, Rocío - Tratamiento comportamental del autismo: aplicación de técnicas operantes y de relajación sistemática. Matos, María de los Ángeles - La depresión en Cuba. Validación del Inventario de Depresión de Beck y de la Escala de Actitudes disfuncionales en población cubana. Lugo Carro, Iris - Eventos estresantes de vida y su relación con la sintomatología depresiva. Santos, Axel - ¿Se puede medir el estrés?: un análisis de los elementos que componen el proceso del estrés. Fernández Castro, Jordi
942 _cBK
999 _c43278
_d43278